000 00541nam a2200217Ia 4500
003 OSt
005 20220928145427.0
006 a|||||r|||| 00| 0
007 ta
008 220927b |||||||| |||| 00| 0 eng d
024 _a80572
037 _cTextual
040 _aSDCL
_cSDCL
_beng
041 _2eng
_aeng
082 _aV595'N44, L4
100 _aCiechanowski Jan M
_9512936
245 0 _aWarsaw rising of 1944
260 _c1974
942 _hV595'N44, L4
_cTEXL
_2CC
999 _c833591
_d833591